[Event "Slow Chess"]
[Site "SchemingMind.com"]
[Date "2012.02.02"]
[Round "-"]
[White "Olli Ylönen"]
[Black "Majoanis"]
[Result "1-0"]
[WhiteCountry "FIN"]
[BlackCountry "CAN"]
[WhiteElo "1843"]
[WhiteRD "55"]
[BlackElo "1887"]
[BlackRD "54"]
[GameID "302687"]

1. e4 c5 2. Nf3 e6 3. d4 cxd4 4. Nxd4 Nf6 5. Nc3 d6 6. Be2 Be7 7. O-O O-O 8. Be3 Nc6 9. f4 Bd7 10. Nb3 a6
11. a4 Qc7 12. a5 Rac8 13. g4 d5 14. e5 Ne4 15. Nxe4 dxe4 16. Bb6
1-0

[Event "Slow Chess"]
[Site "SchemingMind.com"]
[Date "2012.02.02"]
[Round "-"]
[White "Majoanis"]
[Black "Olli Ylönen"]
[Result "0-1"]
[WhiteCountry "CAN"]
[BlackCountry "FIN"]
[WhiteElo "1527"]
[WhiteRD "52"]
[BlackElo "1845"]
[BlackRD "53"]
[GameID "302688"]

1. Nf3 Nf6 2. c4 c5 3. g3 b6 4. Bg2 Bb7 5. O-O e6 6. Nc3 Be7 7. d4 cxd4 8. Qxd4 d6 9. Rd1 a6 10. b3 Nbd7
11. Bb2 O-O 12. Rac1 Qc7 13. a4 Nc5 14. Nd2 Bxg2 15. Kxg2 e5 16. Qe3 g6 17. Nd5 Qb7 18. Qf3 Kg7 19. Nxf6 Bxf6 20. Qxb7 Nxb7
21. Ne4 Rfd8 22. f4 Nc5 23. Nxc5 bxc5 24. Rd5 exf4 25. Bxf6+ Kxf6 26. gxf4 Ra7 27. Rcd1 Rad7 28. e4 Ke6 29. e5 f6 30. exd6 Rxd6
31. Re1+ Kf7 32. Rxc5 Rd2+
0-1

[Event "Slow Chess"]
[Site "SchemingMind.com"]
[Date "2012.02.06"]
[Round "-"]
[White "emvarela"]
[Black "Majoanis"]
[Result "1-0"]
[WhiteCountry "ARG"]
[BlackCountry "CAN"]
[WhiteElo "1743"]
[WhiteRD "46"]
[BlackElo "1687"]
[BlackRD "53"]
[GameID "302848"]

1. e4 e6 2. d4 d5 3. Nc3 Bb4 4. e5 c5 5. a3 Bxc3+ 6. bxc3 Qc7 7. Qg4 f5 8. Qg3 Ne7 9. Qxg7 Rg8 10. Qxh7 cxd4
11. Kd1 Qxc3 12. Rb1 Nbc6 13. Qh5+ Kd8 14. Ne2 Qa5 15. Rb3 Qc7 16. f4 Bd7 17. Rg3 Rxg3 18. hxg3 Rc8 19. Qf7
1-0

[Event "Slow Chess"]
[Site "SchemingMind.com"]
[Date "2012.02.10"]
[Round "-"]
[White "emvarela"]
[Black "Olli Ylönen"]
[Result "1/2-1/2"]
[WhiteCountry "ARG"]
[BlackCountry "FIN"]
[WhiteElo "1759"]
[WhiteRD "49"]
[BlackElo "1812"]
[BlackRD "55"]
[GameID "302849"]

1. e4 c5 2. Nf3 d6 3. d4 cxd4 4. Nxd4 Nf6 5. Nc3 a6 6. Be3 e5 7. Nb3 Be6 8. Qd2 Nbd7 9. f3 Be7 10. g4 h6
11. O-O-O b5 12. Nd5 Bxd5 13. exd5 Nb6 14. Be2 Nfxd5 15. Kb1 O-O 16. Bxb6 Nxb6 17. h4 Bxh4 18. Qxd6 Qxd6 19. Rxd6 Bd8 20. Rhd1 Nc4
21. Bxc4 bxc4 22. Nd2 c3 23. bxc3 Rb8+ 24. Nb3 a5 25. a4 Bc7 26. Rd7 Rfd8 27. Rxd8+ Rxd8 28. Rxd8+ Bxd8 29. Kc1 Kh7 30. Kd2 h5
31. gxh5 Kh6 32. Nc5 Kxh5 33. Nd7 f6 34. Nf8 g5 35. c4 g4 36. Ne6 Be7 37. fxg4+ Kxg4 38. Nc7 Kf5 39. Nd5 Ke6 40. Ke3 Bd8
41. Nc3 f5 42. Ne2 Kd6 43. c3 Kc5 44. Kd3 e4+ 45. Kc2 f4 46. Nxf4 Kxc4 47. Ne6 Bf6 48. Nf4 Bxc3 49. Ne2 Bb4 50. Nf4 e3
51. Ne2 Ba3 52. Nc3 Kb4 53. Nd5+ Kxa4 54. Nxe3 Be7 55. Nc4=
1/2-1/2

[Event "Slow Chess"]
[Site "SchemingMind.com"]
[Date "2012.02.06"]
[Round "-"]
[White "Majoanis"]
[Black "emvarela"]
[Result "0-1"]
[WhiteCountry "CAN"]
[BlackCountry "ARG"]
[WhiteElo "1527"]
[WhiteRD "52"]
[BlackElo "1746"]
[BlackRD "46"]
[GameID "302851"]

1. Nf3 d5 2. d4 Nf6 3. c4 g6 4. Nc3 Bg7 5. Bg5 Ne4 6. cxd5 Nxc3 7. bxc3 Qxd5 8. e3 b6 9. Qb3 Qxb3 10. axb3 Bb7
11. Bb5+ Nd7 12. O-O c6 13. Ba6 Bxa6 14. Rxa6 f6 15. Bh4 Kf7 16. Rfa1 g5 17. Bg3 h5 18. Rxa7 Rxa7 19. Rxa7 Ke6 20. h3 g4
21. hxg4 hxg4 22. Nd2 Rd8 23. c4 f5 24. Rc7 c5 25. d5+ Kf7 26. Nf1 Ne5
0-1

[Event "Slow Chess"]
[Site "SchemingMind.com"]
[Date "2012.02.10"]
[Round "-"]
[White "Olli Ylönen"]
[Black "emvarela"]
[Result "1-0"]
[WhiteCountry "FIN"]
[BlackCountry "ARG"]
[WhiteElo "1845"]
[WhiteRD "53"]
[BlackElo "1746"]
[BlackRD "46"]
[GameID "302852"]

1. Nc3 e5 2. e4 Nf6 3. f4 d5 4. fxe5 Nxe4 5. Nf3 Be7 6. Qe2 f5 7. d3 Nxc3 8. bxc3 Be6 9. d4 c6 10. Qf2 Nd7
11. Be2 c5 12. O-O c4 13. a4 Qc7 14. Bg5 h6 15. Bxe7 Kxe7 16. Qh4+ g5 17. Nxg5 hxg5 18. Qxg5+ Kf8 19. Kh1 Nxe5 20. dxe5 Qh7
21. Qf6+ Bf7 22. h3 Re8 23. Rxf5 Rg8 24. e6
1-0

[Event "Slow Chess"]
[Site "SchemingMind.com"]
[Date "2012.02.07"]
[Round "-"]
[White "Coretismo"]
[Black "Majoanis"]
[Result "1-0"]
[WhiteCountry "ENG"]
[BlackCountry "CAN"]
[WhiteElo "2039"]
[WhiteRD "86"]
[BlackElo "1687"]
[BlackRD "53"]
[GameID "303023"]

1. c4 e5 2. Nc3 Bb4 3. g3 Bxc3 4. bxc3 Nc6 5. Bg2 Nf6 6. d3 O-O 7. e4 d6 8. Rb1 Nd7 9. Ne2 Nb6 10. O-O f5
11. Be3 fxe4 12. Bxe4 Bf5 13. Bg2 Qe8 14. c5 dxc5 15. Bxc5 Rf6 16. Qb3+ Kh8 17. Rbd1 Bg4 18. f3 Be6 19. Qc2 Rd8 20. Rfe1 Nd5
21. a3 h6 22. c4 Nb6 23. Nc3 Qd7 24. Qe2
1-0

[Event "Slow Chess"]
[Site "SchemingMind.com"]
[Date "2012.02.12"]
[Round "-"]
[White "Coretismo"]
[Black "emvarela"]
[Result "1-0"]
[WhiteCountry "ENG"]
[BlackCountry "ARG"]
[WhiteElo "2009"]
[WhiteRD "91"]
[BlackElo "1697"]
[BlackRD "45"]
[GameID "303024"]

1. c4 Nf6 2. Nc3 e6 3. g3 d5 4. d4 c5 5. Bg2 Nc6 6. cxd5 exd5 7. Nf3 Be7 8. O-O O-O 9. Bg5 Be6 10. Rc1 c4
11. Ne5 Nxe5 12. dxe5 Nd7 13. Bxe7 Qxe7 14. Qd4 Nb6 15. f4 Rfd8 16. f5 Bd7 17. Nxd5 Nxd5 18. Bxd5 Bc6 19. e4 Bxd5 20. exd5 b5
21. f6 Qf8 22. fxg7 Qxg7 23. Rf4 Rd7 24. Rg4
1-0

[Event "Slow Chess"]
[Site "SchemingMind.com"]
[Date "2012.02.12"]
[Round "-"]
[White "Coretismo"]
[Black "Olli Ylönen"]
[Result "1-0"]
[WhiteCountry "ENG"]
[BlackCountry "FIN"]
[WhiteElo "2027"]
[WhiteRD "84"]
[BlackElo "1845"]
[BlackRD "53"]
[GameID "303025"]

1. c4 Nf6 2. Nc3 e6 3. g3 d5 4. d4 Be7 5. Bg2 O-O 6. Nf3 dxc4 7. O-O Nc6 8. Qa4 Nxd4 9. Nxd4 Qxd4 10. Be3 Qd6
11. Rfd1 Qb4 12. Qxb4 Bxb4 13. Nb5 c6 14. Nc7 Bd7 15. Nxa8 Rxa8 16. Bd4 Be8 17. Bxf6 gxf6 18. a4 e5 19. Be4 Kg7 20. Rdc1 Rd8
21. Rxc4 c5 22. Bc2 h5 23. Rd1 Rxd1+ 24. Bxd1 b5 25. axb5 Bxb5 26. Rh4 Bd2 27. b3 Bg5 28. Re4 a5 29. f4 exf4 30. gxf4 Bh6
31. e3 Kg6 32. Bc2 Kg7 33. Re7 c4 34. bxc4 Bxc4 35. Ra7 Be2 36. Bb3 Kg6 37. Kf2 Bg4 38. Bxf7+ Kf5 39. Rxa5+ Ke4 40. Bxh5 Bxh5
41. Rxh5 Bf8 42. Ra5
1-0

[Event "Slow Chess"]
[Site "SchemingMind.com"]
[Date "2012.02.07"]
[Round "-"]
[White "Majoanis"]
[Black "Coretismo"]
[Result "0-1"]
[WhiteCountry "CAN"]
[BlackCountry "ENG"]
[WhiteElo "1687"]
[WhiteRD "53"]
[BlackElo "2039"]
[BlackRD "86"]
[GameID "303027"]

1. d4 Nf6 2. Nf3 g6 3. g3 Bg7 4. Bg2 O-O 5. O-O d6 6. c4 c6 7. Nc3 Qa5 8. h3 e5 9. e4 Nbd7 10. Re1 Re8
11. d5 cxd5 12. cxd5 b5 13. Nd2 Nc5 14. Nb3 Nxb3 15. Qxb3 b4 16. Ne2 Nd7 17. Bd2 Nc5 18. Qe3 Qb5 19. Bf1 Qd3 20. Bxb4 Qxe3
21. fxe3 Nxe4 22. Bg2 f5 23. Bxe4 fxe4 24. Bxd6 Rd8 25. Ba3 Rxd5 26. Nc3 Rd8 27. Rad1 Be6 28. Kg2 Rd3
0-1

[Event "Slow Chess"]
[Site "SchemingMind.com"]
[Date "2012.02.12"]
[Round "-"]
[White "emvarela"]
[Black "Coretismo"]
[Result "0-1"]
[WhiteCountry "ARG"]
[BlackCountry "ENG"]
[WhiteElo "1746"]
[WhiteRD "46"]
[BlackElo "2027"]
[BlackRD "84"]
[GameID "303028"]

1. e4 c6 2. d4 d5 3. Nc3 dxe4 4. Nxe4 Nd7 5. Bc4 Ngf6 6. Ng5 Nd5 7. Bxd5 Qa5+ 8. c3 Qxd5 9. Qf3 Nf6 10. Qxd5 cxd5
11. Ne2 h6 12. Nf3 Ne4 13. O-O e6 14. Ng3 Nd6 15. Bf4 Bd7 16. Bxd6 Bxd6 17. Rfe1 O-O 18. Ne5 Bxe5 19. dxe5 Rac8 20. f4 Rc4
21. Ne2 b5 22. g3 Rfc8 23. Nd4 b4 24. Ne2 a5 25. Rac1 g5 26. cxb4 Rxb4 27. Rxc8+ Bxc8 28. Rc1 Ba6 29. Rc2 Bxe2 30. Rxe2 gxf4
31. gxf4 Rxf4 32. Kg2 Kg7 33. Kg3 Rb4 34. b3 Kg6 35. Rf2 Re4
0-1

[Event "Slow Chess"]
[Site "SchemingMind.com"]
[Date "2012.02.12"]
[Round "-"]
[White "Olli Ylönen"]
[Black "Coretismo"]
[Result "0-1"]
[WhiteCountry "FIN"]
[BlackCountry "ENG"]
[WhiteElo "1877"]
[WhiteRD "56"]
[BlackElo "2039"]
[BlackRD "86"]
[GameID "303029"]

1. e4 e5 2. Nf3 d6 3. d4 Nf6 4. Nc3 exd4 5. Nxd4 Be7 6. Bc4 O-O 7. O-O Nxe4 8. Nxe4 d5 9. Bd3 dxe4 10. Bxe4 Nd7
11. c3 Nf6 12. Bd3 c5 13. Nf5 Bxf5 14. Bxf5 Qc7 15. Re1 Rad8 16. Qc2 h6 17. h3 Nd5 18. a3 c4 19. Be3 Nxe3 20. Rxe3 Bc5
21. Ree1 b5 22. a4 a6 23. axb5 axb5 24. b3 cxb3 25. Qxb3 Qf4 26. Re2 Qxf5 27. Qxb5 Bxf2+
0-1

[Event "Slow Chess"]
[Site "SchemingMind.com"]
[Date "2012.02.11"]
[Round "-"]
[White "SittingBull"]
[Black "Majoanis"]
[Result "0-1"]
[WhiteCountry "CAN"]
[BlackCountry "CAN"]
[WhiteElo "1775"]
[WhiteRD "82"]
[BlackElo "1687"]
[BlackRD "53"]
[GameID "303218"]

1. e4 e6 2. d4 d5 3. Nc3 Bb4 4. e5 c5 5. a3 Bxc3+ 6. bxc3 Qc7 7. Qg4 f5 8. Qg3 Ne7 9. Nf3 O-O 10. Bd2 Nbc6
11. Be2 Bd7 12. O-O cxd4 13. cxd4 Na5 14. Qh4 Ng6 15. Qg5 Nc4 16. Bb4 Rfc8 17. Nh4 Nxh4 18. Qxh4 Be8 19. Bd3 Qf7 20. Kh1 Nb2
21. Be2 Rxc2 22. Bf3 Rcc8 23. Rg1 Nc4 24. g4 a5 25. Bc5 Nxe5 26. dxe5 Rxc5
0-1

[Event "Slow Chess"]
[Site "SchemingMind.com"]
[Date "2012.02.15"]
[Round "-"]
[White "SittingBull"]
[Black "Olli Ylönen"]
[Result "0-1"]
[WhiteCountry "CAN"]
[BlackCountry "FIN"]
[WhiteElo "1822"]
[WhiteRD "80"]
[BlackElo "1843"]
[BlackRD "55"]
[GameID "303220"]

1. e4 c5 2. Nf3 d6 3. d4 cxd4 4. Nxd4 Nf6 5. Nc3 g6 6. Be3 Bg7 7. f3 O-O 8. Qd2 Nc6 9. O-O-O d5 10. Kb1 Nxd4
11. e5 Nf5 12. Nxd5 Nxd5 13. Qxd5 Qxd5
0-1

[Event "Slow Chess"]
[Site "SchemingMind.com"]
[Date "2012.02.11"]
[Round "-"]
[White "Majoanis"]
[Black "SittingBull"]
[Result "1/2-1/2"]
[WhiteCountry "CAN"]
[BlackCountry "CAN"]
[WhiteElo "1838"]
[WhiteRD "55"]
[BlackElo "1824"]
[BlackRD "78"]
[GameID "303223"]

1. b3 d5 2. Bb2 c5 3. e3 e6 4. Nf3 Nf6 5. d4 Nc6 6. Nbd2 Be7 7. a3 O-O 8. Bd3 Bd7 9. O-O cxd4 10. exd4 Rc8
11. Ne5 Nxe5 12. dxe5 Ne8 13. Nf3 g6 14. Qe2 Ng7 15. Rad1 Bc6 16. Nd4 Qd7 17. g4 Rfd8 18. f4 Bf8 19. f5 exf5 20. gxf5 Re8
21. e6 fxe6 22. fxg6 e5 23. Rf7 Re7 24. Bf5 Nxf5 25. Nxf5 Rxf7 26. gxf7+ Qxf7 27. Qxe5 Bc5+ 28. Kf1 Qg6 29. Qh8+ Kf7 30. Qxc8 Qg1+
31. Ke2 Qf2+ 32. Kd3 Qf3+ 33. Kd2 Qf4+=
1/2-1/2

[Event "Slow Chess"]
[Site "SchemingMind.com"]
[Date "2012.02.16"]
[Round "-"]
[White "emvarela"]
[Black "SittingBull"]
[Result "1-0"]
[WhiteCountry "ARG"]
[BlackCountry "CAN"]
[WhiteElo "1743"]
[WhiteRD "46"]
[BlackElo "1775"]
[BlackRD "82"]
[GameID "303224"]

1. e4 e6 2. d4 d5 3. Nc3 Bb4 4. e5 c5 5. a3 Bxc3+ 6. bxc3 Ne7 7. Qg4 Qc7 8. Qxg7 Rg8 9. Qxh7 cxd4 10. Ne2 dxc3
11. f4 Nbc6 12. Qd3 Nf5 13. Nxc3 Bd7 14. Be3 O-O-O 15. Nb5 Qa5+ 16. Bd2 Qb6 17. c4 dxc4 18. Qxc4
1-0

[Event "Slow Chess"]
[Site "SchemingMind.com"]
[Date "2012.02.16"]
[Round "-"]
[White "Olli Ylönen"]
[Black "SittingBull"]
[Result "0-1"]
[WhiteCountry "FIN"]
[BlackCountry "CAN"]
[WhiteElo "1819"]
[WhiteRD "52"]
[BlackElo "1826"]
[BlackRD "79"]
[GameID "303225"]

1. e4 c5 2. Nf3 d6 3. d4 cxd4 4. Nxd4 Nf6 5. Nc3 g6 6. Be3 Bg7 7. f3 O-O 8. Qd2 Nc6 9. Bc4 Bd7 10. O-O-O Rc8
11. Bb3 Ne5 12. h4 h5 13. Bg5 Rc5 14. Kb1 Re8 15. Bh6 Qa5 16. g4 Rxc3 17. bxc3 Nxf3 18. Nxf3 Nxe4 19. Qe3 Bxh6 20. Qxh6 Nxc3+
21. Ka1 Nxd1 22. Bxf7+ Kxf7 23. Ng5+ Kf6 24. Rf1+ Ke5 25. Nf7+ Kd5 26. Qg5+ e5 27. Rxd1+ Kc6 28. Rxd6+ Kc7 29. Rd1 Bxg4 30. Rd8 Be6
31. c4 Qc3+ 32. Kb1 Bf5+
0-1

[Event "Slow Chess"]
[Site "SchemingMind.com"]
[Date "2012.02.12"]
[Round "-"]
[White "Coretismo"]
[Black "SittingBull"]
[Result "1-0"]
[WhiteCountry "ENG"]
[BlackCountry "CAN"]
[WhiteElo "2009"]
[WhiteRD "91"]
[BlackElo "1825"]
[BlackRD "82"]
[GameID "303226"]

1. c4 g6 2. Nc3 Bg7 3. Nf3 Nf6 4. d4 O-O 5. g3 Na6 6. Bg2 c5 7. O-O d6 8. d5 Nc7 9. Re1 a6 10. a4 Rb8
11. e4 b5 12. axb5 axb5 13. cxb5 Nxb5 14. Qd3 Nxc3 15. bxc3 Qb6 16. h3 Bd7 17. Be3 Rb7 18. Rab1 Qc7 19. Nd2 Rfb8 20. Rxb7 Rxb7
21. e5 Bf5 22. Qc4 dxe5 23. Qxc5 Qd6 24. Ra1 h5 25. Ra8+ Kh7 26. Qa5 Nd7 27. c4 Rc7 28. Ra6
1-0

[Event "Slow Chess"]
[Site "SchemingMind.com"]
[Date "2012.02.20"]
[Round "-"]
[White "Scooter"]
[Black "Majoanis"]
[Result "1-0"]
[WhiteCountry "USA"]
[BlackCountry "CAN"]
[WhiteElo "1790"]
[WhiteRD "53"]
[BlackElo "1868"]
[BlackRD "55"]
[GameID "303763"]

1. d4 d5 2. Nf3 e6 3. Bf4 c5 4. e3 Nc6 5. Bb5 Qa5+ 6. Nc3 Nf6 7. Ne5 Bd7 8. Bxc6 Bxc6 9. O-O Rc8 10. a3 Be7
11. h3 O-O 12. dxc5 Qxc5 13. Nxc6 Qxc6 14. Qd4 a6 15. Rac1 Qc4 16. Qxc4 Rxc4 17. Rfd1 Bxa3 18. bxa3 Rxc3 19. Be5 Rxa3 20. Bd6 Rc3
21. Bxf8 Kxf8 22. Rd4 Ne4 23. Rd3 Rxd3 24. cxd3 Nd6 25. Kf1 Ke7 26. Ke2 Kd7 27. Kd2 a5 28. Kc3 a4 29. Kb4 b5 30. g4 h6
31. h4 g5 32. Rh1 Kc6 33. hxg5 hxg5 34. Rh5 f6 35. Rh6 Ne8 36. Rh7 Nd6 37. Re7 e5 38. Re6 d4 39. Rxf6 e4 40. dxe4 a3
41. Kxa3 Kc5 42. exd4+
1-0

[Event "Slow Chess"]
[Site "SchemingMind.com"]
[Date "2012.02.24"]
[Round "-"]
[White "Scooter"]
[Black "emvarela"]
[Result "1-0"]
[WhiteCountry "USA"]
[BlackCountry "ARG"]
[WhiteElo "1771"]
[WhiteRD "51"]
[BlackElo "1740"]
[BlackRD "47"]
[GameID "303764"]

1. d4 Nf6 2. Nf3 d5 3. Bf4 c5 4. e3 Nc6 5. c3 e6 6. Bb5 Qb6 7. Qb3 Bd7 8. Bxc6 bxc6 9. O-O Qxb3 10. axb3 cxd4
11. exd4 c5 12. Nbd2 cxd4 13. Nxd4 Bc5 14. N4f3 O-O 15. b4 Bb6 16. Ne5 Bb5 17. Rfe1 Nd7 18. Nxd7 Bxd7 19. Bd6 Rfc8 20. Nb3 Rc4
21. Bc5 Bxc5 22. Nxc5 Bb5 23. Nb7 Rc7 24. Nc5 a6 25. Ra5 Rc6 26. Rea1 e5 27. Rxb5
1-0

[Event "Slow Chess"]
[Site "SchemingMind.com"]
[Date "2012.02.20"]
[Round "-"]
[White "Scooter"]
[Black "Olli Ylönen"]
[Result "1/2-1/2"]
[WhiteCountry "USA"]
[BlackCountry "FIN"]
[WhiteElo "1801"]
[WhiteRD "49"]
[BlackElo "1816"]
[BlackRD "55"]
[GameID "303765"]

1. d4 Nf6 2. Bf4 g6 3. Nf3 Bg7 4. h3 O-O 5. e3 d6 6. Bc4 c5 7. c3 Nc6 8. O-O Qb6 9. Qb3 Na5 10. Qxb6 axb6
11. Nbd2 Nxc4 12. Nxc4 Be6 13. b3 Nd5 14. Bg5 f6 15. Bh4 Nxc3 16. Nxb6 Rxa2 17. Rxa2 Nxa2 18. d5 Bf5 19. Ra1 Nb4 20. Ra7 Be4
21. Rxb7 Nxd5 22. Nxd5 Bxd5 23. Rxe7 Bxb3 24. Rd7 d5 25. Nd2 Ba2 26. Ra7 Bc4 27. Nxc4 dxc4 28. Rc7 Rb8 29. Rxc5 Rb4 30. Rc6 c3
31. Bg3 f5 32. Kf1 Rb2 33. Bd6 Ra2 34. Rc8+ Kf7 35. Rc7+ Ke6 36. Bb4 c2 37. Bd2 Be5 38. Rc8 Bd6 39. Ke2 Ba3 40. Kd3 c1=N+
41. Bxc1 Bxc1 42. Rxc1 Rxf2 43. Rc7 h5 44. Rc6+ Kf7 45. Rc7+ Kf6 46. Rc6+ Kg5 47. h4+ Kh6 48. Rc2 Rxc2 49. Kxc2 g5 50. g3 gxh4
51. gxh4 Kg6 52. Kd3 Kf6= 53. Ke2 Ke6 54. Kf2 Kf6= 55. Kg3 Ke6 56. Kf4 Kf6 57. Kg3 Ke6=
1/2-1/2

[Event "Slow Chess"]
[Site "SchemingMind.com"]
[Date "2012.02.20"]
[Round "-"]
[White "Scooter"]
[Black "SittingBull"]
[Result "1-0"]
[WhiteCountry "USA"]
[BlackCountry "CAN"]
[WhiteElo "1771"]
[WhiteRD "51"]
[BlackElo "1826"]
[BlackRD "79"]
[GameID "303766"]

1. d4 Nf6 2. Nf3 g6 3. Bf4 Bg7 4. h3 O-O 5. Nbd2 d6 6. e3 b6 7. Be2 Bb7 8. c3 Nbd7 9. O-O Re8 10. Bg5 Ne4
11. Nxe4 Bxe4 12. Bd3 Bb7 13. e4 Nf6 14. Bxf6 Bxf6 15. Re1 e6 16. e5 Bg7 17. Be4 Bxe4 18. Rxe4 dxe5 19. Nxe5 Qd5 20. Qf3 Bxe5
21. dxe5 Rad8 22. Qf4 Qc5 23. Rc4 Qe7 24. Qh6 Rd7 25. Rh4 f5 26. exf6 Qxf6 27. Re1 Red8 28. Rhe4 Rd1 29. Qe3 R8d3 30. Qe2 R1d2
31. Qf1 Qf5 32. Rxe6 Rxb2 33. R6e5 Qd7 34. Re8+
1-0

[Event "Slow Chess"]
[Site "SchemingMind.com"]
[Date "2012.02.20"]
[Round "-"]
[White "Scooter"]
[Black "Coretismo"]
[Result "0-1"]
[WhiteCountry "USA"]
[BlackCountry "ENG"]
[WhiteElo "1801"]
[WhiteRD "49"]
[BlackElo "2039"]
[BlackRD "89"]
[GameID "303767"]

1. d4 Nf6 2. Bf4 c5 3. e3 g6 4. h3 Bg7 5. Nf3 O-O 6. c3 b6 7. Be2 Bb7 8. Nbd2 d6 9. O-O Nbd7 10. Qc2 Qc7
11. Rac1 cxd4 12. cxd4 Qxc2 13. Rxc2 Rac8 14. Rfc1 Rxc2 15. Rxc2 Rc8 16. Rxc8+ Bxc8 17. Bc4 Bb7 18. Ng5 d5 19. Bd3 h6 20. Ngf3 Ne4
21. Bb5 Ndf6 22. Bd3 Nd7 23. a4 Nxd2 24. Nxd2 e5 25. dxe5 Nxe5 26. Bxe5 Bxe5 27. b3 Kf8 28. Nf3 Bc3= 29. Nd4 a6 30. Kf1 Ke7
31. Ke2 Kd6 32. Kd1 Kc5 33. Kc2 Bxd4 34. exd4+ Kxd4 35. g3 Bc8 36. h4 Bf5 37. Bxf5 gxf5 38. Kd2 Ke4 39. Ke2 d4 40. f3+ Kd5
41. Kd3 Kc5 42. g4 fxg4 43. fxg4 f6 44. h5 Kd5 45. b4 Ke5
0-1

[Event "Slow Chess"]
[Site "SchemingMind.com"]
[Date "2012.02.20"]
[Round "-"]
[White "Majoanis"]
[Black "Scooter"]
[Result "1-0"]
[WhiteCountry "CAN"]
[BlackCountry "USA"]
[WhiteElo "1868"]
[WhiteRD "55"]
[BlackElo "1790"]
[BlackRD "53"]
[GameID "303769"]

1. d4 Nf6 2. Nf3 d5 3. c4 e6 4. Nc3 c6 5. g3 Bb4 6. Qb3 Qb6 7. Bg2 Bxc3+ 8. Qxc3 Nbd7 9. O-O O-O 10. Rd1 c5
11. cxd5 Nxd5 12. Qc2 Nb4 13. Qb1 Qa6 14. e4 Qc4 15. Bd2 Qb5 16. Bxb4 Qxb4 17. a3 Qb6 18. d5 exd5 19. exd5 Qd6 20. Ng5 Nf6
21. Ne4 Nxe4 22. Qxe4 b6 23. b4 Bb7 24. bxc5 Qxc5 25. Rac1 Qxa3 26. Rc7 Qb3 27. Rb1
1-0

[Event "Slow Chess"]
[Site "SchemingMind.com"]
[Date "2012.02.24"]
[Round "-"]
[White "emvarela"]
[Black "Scooter"]
[Result "1-0"]
[WhiteCountry "ARG"]
[BlackCountry "USA"]
[WhiteElo "1697"]
[WhiteRD "45"]
[BlackElo "1745"]
[BlackRD "49"]
[GameID "303770"]

1. e4 c6 2. d4 d5 3. Nc3 dxe4 4. Nxe4 Bf5 5. Ng3 Bg6 6. h4 h6 7. h5 Bh7 8. Nf3 Nd7 9. Bd3 Bxd3 10. Qxd3 Qc7
11. Bd2 Ngf6 12. O-O-O e6 13. Ne4 O-O-O 14. g3 Nxe4 15. Qxe4 Nf6 16. Qe2 Bd6 17. c4 c5 18. dxc5 Bxc5 19. Bf4 Qb6 20. Be3 Ng4
21. Bxc5 Qxc5 22. Rxd8+ Rxd8 23. Rf1 Qxh5 24. Rd1 Rxd1+ 25. Kxd1 Qc5 26. Ke1 Qa5+ 27. Kf1 Qxa2 28. Kg2 Qa6 29. Nd4 Nf6 30. b4 Qb6
31. Qe5 Qxb4 32. Nb5 Qa5 33. Nd6+
1-0

[Event "Slow Chess"]
[Site "SchemingMind.com"]
[Date "2012.02.20"]
[Round "-"]
[White "Olli Ylönen"]
[Black "Scooter"]
[Result "1-0"]
[WhiteCountry "FIN"]
[BlackCountry "USA"]
[WhiteElo "1825"]
[WhiteRD "58"]
[BlackElo "1790"]
[BlackRD "53"]
[GameID "303771"]

1. e4 c6 2. d4 d5 3. exd5 cxd5 4. c4 Nf6 5. Nc3 e6 6. Nf3 Bb4 7. cxd5 Nxd5 8. Qc2 O-O 9. Bd3 h6 10. O-O Nc6
11. a3 Be7 12. Qe2 Bf6 13. Qe4 Nde7 14. Qh7#
1-0

[Event "Slow Chess"]
[Site "SchemingMind.com"]
[Date "2012.02.20"]
[Round "-"]
[White "SittingBull"]
[Black "Scooter"]
[Result "1-0"]
[WhiteCountry "CAN"]
[BlackCountry "USA"]
[WhiteElo "1815"]
[WhiteRD "81"]
[BlackElo "1790"]
[BlackRD "53"]
[GameID "303772"]

1. e4 c6 2. d4 d5 3. exd5 cxd5 4. Bd3 g6 5. c3 Bg7 6. Nf3 Bg4 7. Be3 Nf6 8. Nbd2 O-O 9. O-O a6 10. h3 Bxf3
11. Nxf3 Nbd7 12. Ne5 Nxe5 13. dxe5 Nd7 14. f4 e6 15. Qf3 b5 16. Rae1 Rc8 17. g4 Nc5 18. Bd4 Nxd3 19. Qxd3 Qa5 20. a3 Qa4
21. f5 Qb3 22. f6 Bh8 23. Rf2 a5 24. g5 b4 25. axb4 axb4 26. h4 bxc3 27. bxc3 Rb8 28. h5 Rfc8 29. hxg6 fxg6 30. Qh3 Rc4
31. Qxe6+ Kf8 32. Qe7+
1-0

[Event "Slow Chess"]
[Site "SchemingMind.com"]
[Date "2012.02.20"]
[Round "-"]
[White "Coretismo"]
[Black "Scooter"]
[Result "1-0"]
[WhiteCountry "ENG"]
[BlackCountry "USA"]
[WhiteElo "2061"]
[WhiteRD "94"]
[BlackElo "1737"]
[BlackRD "53"]
[GameID "303773"]

1. c4 Nf6 2. Nc3 e6 3. Nf3 c5 4. e3 Nc6 5. d4 d5 6. a3 a6 7. dxc5 Bxc5 8. b4 Bd6 9. Bb2 O-O 10. Qc2 dxc4
11. Bxc4 b5 12. Bd3 Ne5 13. Nxe5 Bxe5 14. Ke2 Bb7 15. Rad1 Qc7 16. f4 Bxc3 17. Qxc3 Rac8 18. Qxc7 Rxc7 19. Be5 Rd7 20. Bxf6 gxf6
21. Bxh7+ Kxh7 22. Rxd7 Bxg2 23. Rhd1 Bh3 24. Kf3 f5 25. Rd8 Bg4+ 26. Kg3 Bxd1 27. Rxf8 Kg6 28. Ra8 Be2 29. Rxa6 Bd3 30. a4
1-0

[Event "Slow Chess"]
[Site "SchemingMind.com"]
[Date "2012.02.23"]
[Round "-"]
[White "clario"]
[Black "Majoanis"]
[Result "1-0"]
[WhiteCountry "RSA"]
[BlackCountry "CAN"]
[WhiteElo "2180"]
[WhiteRD "73"]
[BlackElo "1777"]
[BlackRD "54"]
[GameID "303938"]

1. d4 Nf6 2. c4 g6 3. Nc3 d5 4. cxd5 Nxd5 5. e4 Nxc3 6. bxc3 Bg7 7. Bc4 c5 8. Ne2 O-O 9. O-O Nc6 10. Bd3 cxd4
11. cxd4 Nxd4 12. Rb1 Nxe2+ 13. Qxe2 b6 14. Ba3 Bb7 15. Rfd1 Qe8 16. Rbc1 Bf6 17. e5 Bg7 18. Rc7
1-0

[Event "Slow Chess"]
[Site "SchemingMind.com"]
[Date "2012.02.23"]
[Round "-"]
[White "clario"]
[Black "emvarela"]
[Result "1-0"]
[WhiteCountry "RSA"]
[BlackCountry "ARG"]
[WhiteElo "2221"]
[WhiteRD "70"]
[BlackElo "1697"]
[BlackRD "45"]
[GameID "303939"]

1. d4 Nf6 2. c4 e6 3. Nc3 Bb4 4. Qc2 O-O 5. a3 Bxc3+ 6. Qxc3 b6 7. Bg5 Bb7 8. f3 h6 9. Bh4 d5 10. e3 dxc4
11. Bxc4 g5 12. Bf2 Bd5 13. e4 Bxc4 14. Qxc4 Nbd7 15. h4 Qe7 16. hxg5 hxg5 17. Qxc7 Rfc8 18. Qh2
1-0

[Event "Slow Chess"]
[Site "SchemingMind.com"]
[Date "2012.02.22"]
[Round "-"]
[White "clario"]
[Black "Scooter"]
[Result "1-0"]
[WhiteCountry "RSA"]
[BlackCountry "USA"]
[WhiteElo "2094"]
[WhiteRD "82"]
[BlackElo "1737"]
[BlackRD "53"]
[GameID "303940"]

1. d4 Nf6 2. c4 e6 3. Nc3 Bb4 4. Qc2 d5 5. cxd5 Nxd5 6. e4 Bxc3+ 7. bxc3 Nf6 8. Ba3 Nbd7 9. Rd1 b6 10. Bb5 Bb7
11. d5 exd5 12. exd5 Bxd5 13. Qe2+ Qe7 14. Qxe7#
1-0